000 00426 a2200145 4500
020 _a0007120710
040 _aDLC
_bDLC
082 _a823.912
100 _aChristie, Agatha.
245 _aSad Cypress
_cAgatha Christie
260 _aLondon:
_bHarper Collins Publishers,
_c 2001.
300 _a336 p. ;
_c19 cm.
650 _a1.Detective and mystery stories. 2.Poirot, Hercule (Fictitious character)
942 _cBK
_k823.912 CHR
_2ddc
999 _c5054
_d5054